000 00507nam a2200157 i 4500
001 35872
003 ES-MaACL
005 20230906155232.0
007 t|
008 030214s1919 fr ||||1| fre d
100 1 _aBouquet, Henri.
_930940
245 1 0 _aTout le corps humain
_b: encyclopedie illustrée des connaissances medicales /
_cPubliée sous la directive du Henri Bouquet.
260 _aParís :
_b[s.n.,
_c1919] (
_eCorbeil :
_fCrété)
300 _a4 v. ;
_c31 cm.
852 _aES-MaACL
_jB-11813-16
999 _c35872
_d35872